Ambrosoli. Desde los Alpes a los Andes.

Guardat en:
Dades bibliogràfiques
Autor principal: Gandolini Ambrosoli, Giancarlo (autor)
Altres autors: Bravo Carrasco, Juan (autor)
Format: Llibre
Publicat: Santiago, Chile: Evolución, 1998.
Edició:1ª edición
Matèries:
Etiquetes: Afegir etiqueta
Sense etiquetes, Sigues el primer a etiquetar aquest registre!

MARC

LEADER 00000nam a22000007a 4500
003 CL-VaPUC
005 20221206092506.0
008 221123t1998 ||||| |||| 00| 0 eng d
999 |c 439506  |d 439504 
020 |a 956-7604-05-3 
040 |c Pontificia Universidad Católica de Valparaíso 
082 7 |a 641.853 GAN 1998  |2 22 
100 1 |a Gandolini Ambrosoli, Giancarlo  |e autor  |9 878731 
245 |a Ambrosoli.  |b Desde los Alpes a los Andes. 
250 |a 1ª edición 
260 |a Santiago, Chile:  |b Evolución,  |c 1998. 
300 |a 132 páginas. 
500 |a c.1 Donación Escuela de Negocios. 
583 |c 20221123  |k Catalogador Asistente 
610 |a Industrias Ambrosoli  |z Viña del Mar  |9 878817 
700 |a Bravo Carrasco, Juan  |e autor  |9 878732 
942 |2 ddc  |c BK 
952 |0 0  |1 0  |2 ddc  |4 0  |6 641_853000000000000_GAN_1998  |7 0  |8 A  |9 587865  |a BIBENE  |b BIBENE  |c GEN  |d 2022-11-23  |e Donación  |i 5655748  |l 1  |o 641.853 GAN 1998  |p 5655748  |r 2025-01-15  |s 2023-01-09  |t 1  |w 2022-11-23  |y BK  |k ICO